The new evangelicalism. (Record no. 1482)

MARC details
000 -LEADER
fixed length control field 00647cam a2200253I 4500
001 - CONTROL NUMBER
control field 21102
003 - CONTROL NUMBER IDENTIFIER
control field GBCCL
005 - DATE AND TIME OF LATEST TRANSACTION
control field 20241126110402.0
008 - FIXED-LENGTH DATA ELEMENTS--GENERAL INFORMATION
fixed length control field 761216s1963 miu b 000 0 eng
010 ## -
-- 63015740
035 ## - SYSTEM CONTROL NUMBER
System control number (OCoLC)02628882
040 ## - CATALOGING SOURCE
Original cataloging agency DLC
Transcribing agency OHI
Modifying agency OCL
049 ## -
-- LBBK
-- LBBC
050 ## -
-- BR1640
-- .N3
082 0# - DEWEY DECIMAL CLASSIFICATION NUMBER
Classification number 230.4
Item number NAS
092 ## - LOCALLY ASSIGNED DEWEY CALL NUMBER (OCLC)
Classification number 230.41
Item number N252
100 1# - MAIN ENTRY--PERSONAL NAME
Personal name Nash, Ronald H.
9 (RLIN) 2972
245 14 - TITLE STATEMENT
Title The new evangelicalism.
260 ## - PUBLICATION, DISTRIBUTION, ETC.
Place of publication, distribution, etc. Grand Rapids,
Name of publisher, distributor, etc. Zondervan Pub. House
Date of publication, distribution, etc. [1963]
300 ## - PHYSICAL DESCRIPTION
Extent 188 p.
Dimensions 23 cm.
504 ## - BIBLIOGRAPHY, ETC. NOTE
Bibliography, etc. note Bibliography: p. 181-183.
650 #0 - SUBJECT ADDED ENTRY--TOPICAL TERM
Topical term or geographic name entry element Evangelicalism.
9 (RLIN) 178
942 ## - ADDED ENTRY ELEMENTS (KOHA)
Source of classification or shelving scheme Dewey Decimal Classification
Koha item type Books
Koha issues (borrowed), all copies 1
Holdings
Withdrawn status Lost status Source of classification or shelving scheme Damaged status Not for loan Home library Current Library Shelving location Date acquired Total checkouts Total renewals Full call number Barcode Date last seen Date last checked out Copy number Price effective from Koha item type
    Dewey Decimal Classification     GRACE BIBLE COLLEGE GRACE BIBLE COLLEGE Theology 2017-05-02 1 1 230.4 NAS 001919 2025-05-01 2024-07-19 c.1 2017-05-02 Books
© Grace Bible College Library 2025